| 000 | 01081cam a2200301 i 4500 | ||
|---|---|---|---|
| 001 | 19083912 | ||
| 003 | OSt | ||
| 005 | 20171113120138.0 | ||
| 008 | 160506s2016 ke a b 001 0 eng | ||
| 010 | _a 2015333290 | ||
| 020 | _a9789966561848 | ||
| 040 |
_aDLC _beng _cDLC _erda _dDLC |
||
| 042 |
_alcode _apcc |
||
| 043 | _af------ | ||
| 050 | 0 | 0 |
_aZ286.A35 _bC66 2016 |
| 245 | 0 | 0 |
_aComing of age : _bstrides in African publishing : essays in honour of Dr Henry Chakava at 70 / _ceditors Kiarie Kamau, Kirimi Mitambo. |
| 260 |
_aNairobi: _bEast African educational |
||
| 300 |
_axxvii, 288 pages : _billustrations ; _c21 cm |
||
| 504 | _aIncludes bibliographical references and index. | ||
| 600 | 1 | 0 | _aChakava, Henry. |
| 650 | 0 |
_aPublishers and publishing _zAfrica. |
|
| 700 | 1 |
_aKamau, Kiarie, _eeditor. |
|
| 700 | 1 |
_aMitambo, Kirimi, _eeditor. |
|
| 856 | 4 | 1 |
_3Table of contents only _uhttps://www.loc.gov/catdir/toc/fy17pdf01/2015333290.html |
| 906 |
_a7 _bcbc _corigode _d3 _encip _f20 _gy-gencatlg |
||
| 942 |
_2lcc _cBK |
||
| 999 |
_c51538 _d51538 |
||